000
00287nam a2200109Ia 4500
008
200302s9999 xx 000 0 und d
100
_a
Klein Dytham
245
_a
Klein Dythom Architectur Tokyo Calling
260
_b
Birkhauser Publishers for Architecture
260
_c
2000
300
_a
176
999
_c
3331
_d
3331